00484nam a2200193 a 4500001001300000003000900013005001700022008004100039020000900080082001800089100002000107245002700127260004300154300000900197500003500206505001700241650001200258700002000270nice12345678IN_TiNIC20260116013500.0050524s1992 mada grp 000 0 eng  ac3500a306.0954bKRI aKrishnamurti, J aThis Matter of Culture aMadrasbKrishnamurthi Foundationc1992 a192p aincludes index and biblioraphy2 aBibliography aCulture1 aKrishnamurti, J